01200nam a2200253 a 450000100100000000500170001000800410002702000150006804000250008308200180010810000300012624501110015626000360026730000200030360000480032365000310037165000180040204900090042095201310042995201310056095201160069195201220080799900170092900002629820200930024455.0110310s2002 dr 000 0 spa d a9993461474 aDO-SdBNPbspacBNPHU a922.22bD542c1 aDíaz, Gumersindo94894510aConcurso sobre vida salesiana :bdatos y experiencias sobre San Juan Bosco y su obra /cGumersindo Díaz. aSanto Domingo :bBúho,c2002. a72 p. ;c22 cm.14aBOSCO, GIOVANNI,cSANTOSd1815-1888.953329 4aSantosxBiografías91815 4aBeatos953330 aBNPD 001054708DSaGRbGRcCTd2011-03-10iLF1l0o922.22 D542cp26298-30r2020-06-25te. 4w2020-06-25yLFDSZPréstamo en sala 001054708DSaGRbGRcCTd2011-03-10iLF1l0o922.22 D542cp26298-40r2020-06-25te. 3w2020-06-25yLFDSZPréstamo en sala 0010718PDaPDbPDcCTd2011-03-10iLF1l0o922.22 D542cp26298-10r2020-06-25w2020-06-25yLFPDZNo se presta 0010718PDaPDbPDcCTd2011-03-10iLF1l0o922.22 D542cp26298-20r2020-06-25te. 2w2020-06-25yLFPDZNo se presta c25790d25790